00752nam a2200181Ia 4500008004100000020001800041041000800059082001600067100002100083245011100104260001900215300001300234650002900247650002900276906011600305999001900421952013000440210719s1969 xx 000 0 und d a1-883011-15-9 aeng a813.54 STEG aSTEINBECK (John) aGrapes of wrath and other writings 1936-1941bThe long valley, log from the sea of cortez, harvest gypsies aNew Yorkc1969 a1067bHB aAmerican English Fiction aAmerican English Fiction a1936-1941 ; cortez, ; from ; Grapes ; gypsies ; harvest ; log ; long ; other ; sea ; valley, ; wrath ; writings c216065d216065 001040708English LanguageaALbALd2020-11-26eGeneral Annuall0o813.54 STEGpD04701r2021-07-19 00:00:00w2021-07-19yDB